00478nam a22001577a 450000500170000000800410001702000150005808200210007310000210009424500730011526000500018830000160023865000210025465000100027565000350028520231120044451.0231120b |||||||| |||| 00| 0 eng d a0415078741 222a305.401bROS aTong, Rosemarie. aFeminist Thought :bA Comprehensive Introduction /cRosemarie, Tong. aUnited Kingdom :bWestview press, Inc,c1989. axi, 305 p,: aFeminist theory. aWomen aVarieties of Feminist Thinking